Ferrocement : (Record no. 545211)
[ view plain ]
| 000 -LEADER | |
|---|---|
| fixed length control field | 00700cam a2200181 a 4500 |
| 020 ## - INTERNATIONAL STANDARD BOOK NUMBER | |
| International Standard Book Number | 0419197001 |
| 082 04 - DEWEY DECIMAL CLASSIFICATION NUMBER | |
| Classification number | 620.135 |
| Author Mark | FER |
| -- | L-21, P-86 |
| 245 10 - TITLE STATEMENT | |
| Title | Ferrocement : |
| Remainder of title | proceedings of the Fifth International Symposium on Ferrocement, UMIST, Manchester, 6-9 September, 1994 / |
| Statement of responsibility, etc. | edited by P.J. Nedwell and R.N. Swamy. |
| 250 ## - EDITION STATEMENT | |
| Edition statement | 1st ed. |
| 260 ## - PUBLICATION, DISTRIBUTION, ETC. | |
| Place of publication, distribution, etc. | London : |
| Name of publisher, distributor, etc. | E & FN Spon, |
| Date of publication, distribution, etc. | 1994. |
| 300 ## - PHYSICAL DESCRIPTION | |
| Extent | ix, 508 p. : |
| Other physical details | ill. ; |
| Dimensions | 24 cm. . |
| 526 ## - STUDY PROGRAM INFORMATION NOTE | |
| Program name | 0 |
| Interest level | 0 |
| Reading level | 0 |
| Title point value | 620_135000000000000_FER |
| 650 #0 - SUBJECT ADDED ENTRY--TOPICAL TERM | |
| Topical term or geographic name entry element | Reinforced concrete |
| General subdivision | Congresses. |
| 9 (RLIN) | 40998 |
| 700 1# - ADDED ENTRY--PERSONAL NAME | |
| Personal name | Nedwell, P. J. |
| 9 (RLIN) | 40999 |
| 700 1# - ADDED ENTRY--PERSONAL NAME | |
| Personal name | Swamy, R. N. |
| 9 (RLIN) | 41000 |
| 856 42 - ELECTRONIC LOCATION AND ACCESS | |
| Uniform Resource Identifier | <a href="http://www.loc.gov/catdir/enhancements/fy0651/94068771-d.html">http://www.loc.gov/catdir/enhancements/fy0651/94068771-d.html</a> |
| 942 ## - ADDED ENTRY ELEMENTS (KOHA) | |
| Source of classification or shelving scheme | |
| Koha item type | Book |
| Withdrawn status | Lost status | Source of classification or shelving scheme | Damaged status | Not for loan | Permanent Location | Current Location | Date acquired | Total Checkouts | Full call number | Barcode | Date last seen | Price effective from | Koha item type |
|---|---|---|---|---|---|---|---|---|---|---|---|---|---|
| Military College of Engineering (MCE) | Military College of Engineering (MCE) | 05/19/2014 | 620.135 FER | MCE-28491 | 05/19/2014 | 05/19/2014 | Book |
